00761nam a2200229 a 4500008004100000020001500041050001600056100002200072245002900094246006800123250001200191260003200203300002000235350000900255650004000264650003400304650003400338700002500372700001800397856005400415856006200469120416s1999 ||||||||||||||||| || u a0028047524 aHF 5679 And aAnders, Gregory E10aMicrocomputer accounting atutorial and applications for peachtree accounting, release 7.0 a3rd ed. aNew YorkbMcGraw-Hillc1999 ax, 461p. : ill. a0.00 0aACCOUNTING--HANDBOOKS, MANUALS, ETC aPEACHTREE COMPLETE ACCOUNTING aACCOUNTING--COMPUTER PROGRAMS aSpiegelberg, Emma Jo aNelson, Sally uhttp://www.loc.gov/catdir/toc/mh031/99040025.html uhttp://www.loc.gov/catdir/description/mh031/99040025.html